000 01138cam a22003014a 4500
001 16053001
003 ARRUPE
005 20131022142823.0
008 100113s2010 mau b 001 0 eng
010 _a 2010001283
020 _a9781598560282 (alk. paper)
040 _aDLC
_cDLC
041 0 _aeng
_aheb
050 0 0 _aPJ4567.3
_b.H33 2010
082 0 0 _a492.4/82421
_222
100 1 _aHackett, Jo Ann.
_92610
245 1 2 _aA basic introduction to Biblical Hebrew, with cd /
_cJo Ann Hackett.
260 _aPeabody, Mass. :
_bHendrickson Publishers Marketing,
_c2010.
300 _axxv, 302 p. ;
_c24 cm. +
_e1 CD-ROM (4 3/4 in.)
504 _aIncludes bibliographical references and index.
546 _aText in English and Hebrew (Masoretic text).
630 0 0 _aBible
_pOld Testament
_xLanguage, style.
_92611
650 0 _aHebrew language
_xGrammar.
_92612
650 0 _aHebrew language
_xGrammar
_vProblems, exercises, etc.
_92613
906 _a7
_bcbc
_corignew
_d1
_eecip
_f20
_gy-gencatlg
942 _2lcc
_cMONOGRAPH
999 _c118367
_d118367